| 000 | 00636nam a2200181Ia 4500 | ||
|---|---|---|---|
| 008 | 100921s9999 xx 000 0 und d | ||
| 082 |
_b30096 _a891.463 थ 97 |
||
| 100 | _aमलोसे राजेंद्र. | ||
| 245 | _aस्वप्नपंख. | ||
| 260 |
_bदेशमुख आणि कंपनी,पुणे. _c1997 |
||
| 300 |
_a480 _bरसिक साहित्य,पुणे |
||
| 365 | _b350 | ||
| 520 | _aललित-कादंबरी. | ||
| 630 | _aस्वप्नपंख. | ||
| 650 | _aललित-कादंबरी. | ||
| 730 | _aस्वप्नपंख. | ||
| 942 | _cBOOK | ||
| 999 |
_c779209 _d779206 |
||